000
00184nam a22000857a 4500
999
_c
16234
_d
16234
003
OSt
008
200625b ||||| |||| 00| 0 eng d
245
_a
Concept of Secular State
942
_c
BK